00828nam a2200229Ia 450000500170000000800410001702000150005808200190007310000210009224500670011325000190018030000780019965000440027765000460032165000410036770000340040826400330044233600270047533700330050233800280053504000350056320220317000744.0160601s1993 sp a g 000 0 spa  a848997067X04a394.096 bO59a1 aOnyefulu, Ifeoma10aA de ÁfricacIfeoma Onyefulu ; traducción Montserrat Riera a1a. edición  a[26] páginas sin numerarbilustraciones y fotografías en colorc22 cm14aLibros informativos para niños 2LEMB142LEMBaImágenes fotográficaszÁfrica142LEMB aCondiciones ruraleszÁfrica aRiera, Montserrat etraductor aBarcelona bIntermónc1993 atextobtxt2rdacontent asin mediaciónbn2rdamedia avolumenbnc2rdacarrier aCO-BoRNBPbspaerdacCO-BoRNBP